| 000 | 00489nam a2200157 4500 | ||
|---|---|---|---|
| 082 | _aBESE-3 SAE | ||
| 100 | _aSABA SAEED | ||
| 245 | _aCLOUD BASED ONLINE ELECTION MANAGEMENT SYSTEM | ||
| 260 |
_aISLAMABAD _bNUST-SEECS _c2016 |
||
| 300 |
_a78p. _eCD INCLUDES |
||
| 563 | _aHB | ||
| 856 | _uhttp://10.250.8.41:8080/xmlui/handle/123456789/6824 | ||
| 942 |
_2ddc _cPR |
||
| 999 |
_c173087 _d173087 |
||